000
00296nam a2200121Ia 4500
008
191201s2012 xx 000 0 und d
100
_a
THAKUR, Rajesh chandra
245
0
_a
Diplomacy: Theory and Practice
260
_a
N. Delhi
_b
Vikas Pub
_c
2012
300
_a
188
650
_a
MBA
942
_2
ddc
_c
BK
999
_c
261
_d
261